Informatizácia v rámci nového ekonomického myslenia.

Závislosť úrovne informatizácie od technickej vyspelosti a úrovne ekonomického myslenia. Personálne predpoklady informatizácie v ekonomických riadiacich systémoch. Základné smery využívania informácií v novom ekonomickom riadení. Koncepčné a strategické riadenie a hodnotenie stavu ekonomiky. Usmerňo...

Descrizione completa

Salvato in:
Dettagli Bibliografici
Autore principale: Kobyda, F.
Natura: Capitolo di libro
Lingua:slovacco
Soggetti:
Tags: Aggiungi Tag
Nessun Tag, puoi essere il primo ad aggiungerne!!

MARC

LEADER 00000naa a2200000 4500
001 r002736
005 20220819175200.1
041 0 |a slo 
044 |a [CS] 
245 1 0 |a Informatizácia v rámci nového ekonomického myslenia.  |c F. Kobyda 
520 |a Závislosť úrovne informatizácie od technickej vyspelosti a úrovne ekonomického myslenia. Personálne predpoklady informatizácie v ekonomických riadiacich systémoch. Základné smery využívania informácií v novom ekonomickom riadení. Koncepčné a strategické riadenie a hodnotenie stavu ekonomiky. Usmerňovanie podnikovej ekonomiky a kontrola riadenia a verejná informovanosť. 
610 2 0 |a informatizácia 
610 2 0 |a systémy riadenia 
610 2 0 |a riadenie hospodárske 
610 2 0 |a podnik 
610 2 0 |a kontrola riadenia 
100 1 |a Kobyda, F.